000 00325nam a22001457a 4500
020 _a978-81-219-0471-1
041 _aENG
100 _aShanti Narayan
245 _aDifferential Calculus
260 _aDelhi
_bS Charitable Trust
_c2019
300 _a572
650 _aMathmatics
700 _aP.K Mittal
856 _uMathmatics
999 _c30
_d30